000 01002nam a2200265Ia 4500
003 OSt
005 20220923211351.0
006 a|||||r|||| 00| 0
007 ta
008 220922b |||||||| |||| 00| 0 hin d
020 _a9788186304778 (hbk)
_c500
024 _a234,369
037 _b430, 19/03/2008, Swaraj Prakashan
_cTextual
040 _aARTS
_cARTS
_bhin
041 _2hin
_ahin
082 _a4.2, 152P3;P8
100 _aमिश्र, स्मिता, संपा.
245 0 _aभारतीय मीडिया
_b अंतरंग पहचान
246 _aBhāratīya mīḍiyā: aantaranga pahachāna
260 _aदिल्ल्ी
_b भारत पुस्तक भण्डार
_c2008
300 _a374पृ.
_ccm.
650 _aहिन्दी पत्रकारिता
942 _h4.2, 152P3;P8
_cTEXL
_2CC
999 _c298832
_d298832